[Event "Mexican op 69th"]
[Site "Mexico City"]
[Date "2024.03.30"]
[Round "7"]
[White "Gonzalez Zamora, Juan Carlos"]
[Black "Sanchez, Sebastian Felipe"]
[Result "0-1"]
[WhiteElo "2480"]
[BlackElo "2400"]
[PlyCount "102"]
[EventDate "2024.03.26"]
[EventType "swiss"]
[EventRounds "9"]
[EventCountry "MEX"]
[SourceTitle "CB14_2024"]
[SourceDate "2024.04.01"]
[SourceVersion "1"]
[SourceVersionDate "2024.04.01"]
[SourceQuality "1"]

1. Nf3 d5 2. g3 Nf6 3. Bg2 e6 4. 0-0 Be7 5. d4 0-0 6. c4 dxc4 7. Qc2 a6 8. a4 Bd7 9. Qxc4 Bc6 10. Bg5 Bd5 11. Qd3 c5 12. dxc5 Nbd7 13. Nc3 Bc6 14. b4 a5 15. b5 Bxf3 16. Qxf3 Nxc5 17. Rad1 Qc7 18. Bf4 Qb6 19. Be3 Rac8 20. g4 h6 21. h4 Rfd8 22. g5 hxg5 23. hxg5 Nfd7 24. Ne4 Qc7 25. g6 fxg6 26. Bf4 e5 27. Be3 Ne6 28. b6 Nxb6 29. Bh3 Qc6 30. Rxd8+ Rxd8 31. Nf6+ Kf7 32. Nd5+ Nf4 33. Nxf4 Qxf3 34. exf3 Nxa4 35. Ne6 Rd6 36. Ng5+ Bxg5 37. Bxg5 Nc3 38. Kg2 b5 39. f4 e4 40. f5 gxf5 41. Rc1 b4 42. Be3 Kf6 43. Rc2 g5 44. Bd2 Rxd2 45. Rxd2 g4 46. Bxg4 fxg4 47. Rd7 b3 48. Rb7 a4 49. Kf1 Ke5 50. Ke1 e3 51. fxe3 g3 0-1

[Event "Titled Tuesday intern op 13th Feb Early"]
[Site "Chess.com INT"]
[Date "2024.02.13"]
[Round "1"]
[White "Sanchez, Sebastian Felipe"]
[Black "Deveci, Huseyin Said"]
[Result "1-0"]
[WhiteElo "2400"]
[BlackElo "2250"]
[PlyCount "97"]
[EventDate "2024.02.13"]
[EventType "swiss (blitz)"]
[EventRounds "11"]
[EventCountry "USA"]
[SourceTitle "CB08_2024"]
[SourceDate "2024.02.21"]
[SourceVersion "1"]
[SourceVersionDate "2024.02.21"]
[SourceQuality "1"]

1. d4 d5 2. c4 c6 3. Nf3 Nf6 4. e3 dxc4 5. Bxc4 e6 6. 0-0 Be7 7. Qe2 b5 8. Bd3 0-0 9. Rd1 Bb7 10. a4 a6 11. e4 Nbd7 12. Bf4 Qb6 13. Nc3 b4 14. a5 Qa7 15. Na4 c5 16. Rac1 cxd4 17. Rc7 Rfd8 18. Rdc1 Rac8 19. Ne5 Nxe5 20. Bxe5 Rxc7 21. Bxc7 Re8 22. Bb6 Qb8 23. Bxd4 Qf4 24. Be3 Qe5 25. Nc5 Bc8 26. f4 Qb8 27. Bxa6 Bxc5 28. Rxc5 Nxe4 29. Rxc8 Rxc8 30. Bxc8 Qxc8 31. Qd3 f5 32. a6 Nc5 33. Qc4 Qxa6 34. Qxc5 b3 35. Kf2 Qd3 36. Bd4 Qd2+ 37. Kf3 Qd3+ 38. Be3 Qd1+ 39. Kf2 Qd3 40. Qc8+ Kf7 41. Qc5 Kg6 42. h3 h5 43. Qe5 Qc2+ 44. Kg1 Kf7 45. Bd4 Qc1+ 46. Kh2 g5 47. Qf6+ Ke8 48. Qxe6+ Kd8 49. Bb6+ 1-0

[Event "COL-chT"]
[Site "Risaralda"]
[Date "2023.11.23"]
[Round "7.1"]
[White "Sanchez, Sebastian Felipe"]
[Black "Cuartas, Jaime Alexander"]
[Result "1/2-1/2"]
[WhiteElo "2405"]
[BlackElo "2528"]
[PlyCount "185"]
[EventDate "2023.11.19"]
[EventType "team-swiss"]
[EventRounds "7"]
[EventCountry "COL"]
[SourceTitle "CB49_2023"]
[SourceDate "2023.12.06"]
[SourceVersion "1"]
[SourceVersionDate "2023.12.06"]
[SourceQuality "1"]
[WhiteTeam "Bolivar"]
[BlackTeam "Antioquia"]
[WhiteTeamCountry "COL"]
[BlackTeamCountry "COL"]

1. d4 d5 2. Bf4 Nf6 3. e3 c5 4. Nf3 Nc6 5. Nbd2 Bg4 6. c3 Bxf3 7. Nxf3 e6 8. Qb3 Qc8 9. Be2 Be7 10. 0-0 0-0 11. dxc5 Bxc5 12. Rad1 h6 13. Ne5 Rd8 14. Nd3 Bd6 15. Bxd6 Rxd6 16. Rc1 Qc7 17. Rfd1 Rad8 18. Qa4 a6 19. Nb4 Ne5 20. Nd3 Nc4 21. b3 b5 22. Qb4 Rb8 23. Qc5 Rc6 24. Qd4 Nd6 25. Nb4 Rcb6 26. Bd3 a5 27. Nc2 Rc6 28. Na3 b4 29. Nb1 Rc8 30. Rc2 Qe7 31. Rdc1 e5 32. Qh4 e4 33. Be2 d4 34. exd4 Nf5 35. Qh3 Nxd4 36. Rd2 Nxe2+ 37. Rxe2 Nd5 38. Qf5 Rc5 39. Rxe4 Qc7 40. Re5 g6 41. Qe4 Nxc3 42. Rxc5 Qxc5 43. Nxc3 bxc3 44. h4 c2 45. Qe3 Qh5 46. Qd3 Qc5 47. Qe3 Qd5 48. Qe2 Qf5 49. g3 h5 50. Kh2 Kh7 51. Kg1 Rc3 52. Qd2 Qc5 53. Kh2 Kg7 54. Kg2 Qe5 55. Kh2 Qc7 56. Qd4+ Kh7 57. Kg2 Rc5 58. Kh2 Qc6 59. Qd3 Qc8 60. Qf3 Qd7 61. Qe2 Qf5 62. Qd2 Rc7 63. Qe2 f6 64. Kg2 Kg7 65. Kg1 Qc5 66. Qd2 Qf5 67. Qe2 Kf7 68. Kg2 Qc5 69. Qd3 Qc6+ 70. Kh2 Qc5 71. Kg1 Qc6 72. Qd2 Qe4 73. Kh2 Qf5 74. Qe2 Qc5 75. Qd2 g5 76. hxg5 fxg5 77. Qe2 Kg7 78. Qd2 Qf5 79. Kg1 Kh7 80. Qe2 Kh6 81. Qe8 h4 82. Qh8+ Kg6 83. Qg8+ Kh5 84. Qe8+ Kh6 85. Qh8+ Kg6 86. Qe8+ Rf7 87. Qc6+ Kh5 88. Qxc2 Qf3 89. Qd1 hxg3 90. fxg3 Kg4 91. Rc4+ Kh3 92. Qxf3 Rxf3 93. g4 1/2-1/2

[Event "COL-chT"]
[Site "Risaralda"]
[Date "2023.11.21"]
[Round "4.1"]
[White "Sanchez, Sebastian Felipe"]
[Black "Torres, Juan Camilo"]
[Result "1-0"]
[WhiteElo "2405"]
[BlackElo "2273"]
[PlyCount "115"]
[EventDate "2023.11.19"]
[EventType "team-swiss"]
[EventRounds "7"]
[EventCountry "COL"]
[SourceTitle "CB49_2023"]
[SourceDate "2023.12.06"]
[SourceVersion "1"]
[SourceVersionDate "2023.12.06"]
[SourceQuality "1"]
[WhiteTeam "Bolivar"]
[BlackTeam "Caldas"]
[WhiteTeamCountry "COL"]
[BlackTeamCountry "COL"]

1. e4 c5 2. Nf3 e6 3. d4 cxd4 4. Nxd4 a6 5. Bd3 Nf6 6. 0-0 d6 7. f4 Be7 8. c4 0-0 9. Kh1 Nbd7 10. b3 Re8 11. Qe2 e5 12. Nf5 Bf8 13. Nc3 exf4 14. Bxf4 Ne5 15. Bg5 Bxf5 16. Rxf5 Be7 17. Bd2 g6 18. Rff1 Rc8 19. Rad1 Nfd7 20. Bb1 Rc6 21. Nd5 Bg5 22. Nb4 Rb6 23. Nd5 Rc6 24. Nb4 Rb6 25. Bc3 Re6 26. Qe1 Qf8 27. Bc2 Qh6 28. Bd4 Nc5 29. Nd5 Rc6 30. Qf2 Ncd7 31. Rd3 Bh4 32. g3 Bg5 33. h4 b5 34. Kg2 Bd8 35. cxb5 axb5 36. Bd1 Qf8 37. Rd2 Nf6 38. Qe2 Rc8 39. Nxf6+ Bxf6 40. Qxb5 Bg7 41. Qd5 h5 42. Rdf2 Rc7 43. a4 Qe8 44. Be2 Ng4 45. Bxg4 hxg4 46. Bxg7 Kxg7 47. Rf4 Rce7 48. Rxg4 Re5 49. Qxd6 R7e6 50. Qd4 Kg8 51. Rff4 Qc6 52. Kh3 f5 53. Rg5 Rxe4 54. Rxe4 Rxe4 55. Qd3 Rd4 56. Rxg6+ Kh7 57. Rxc6 Rxd3 58. Rf6 1-0

[Event "Titled Tuesday intern op 14th Feb Late"]
[Site "Chess.com INT"]
[Date "2023.02.14"]
[Round "8"]
[White "Avinash, Ramesh"]
[Black "Sanchez, Sebastian Felipe"]
[Result "1-0"]
[WhiteElo "2319"]
[BlackElo "2427"]
[PlyCount "39"]
[EventDate "2023.02.14"]
[EventType "swiss (blitz)"]
[EventRounds "11"]
[EventCountry "USA"]
[SourceTitle "CBM 212 Extra"]
[Source "ChessBase"]
[SourceDate "2023.03.31"]
[SourceVersion "1"]
[SourceVersionDate "2023.03.31"]
[SourceQuality "1"]

1. e4 e6 2. d4 d5 3. Nc3 Nf6 4. e5 Nfd7 5. f4 c5 6. Nf3 Nc6 7. Be3 a6 8. Qd2 b5 9. Ne2 b4 10. Ng3 a5 11. f5 exf5 12. dxc5 Nxc5 13. Bb5 Qb6 14. Nd4 Bd7 15. Bxc6 Bxc6 16. Ndxf5 Qc7 17. 0-0 Rd8 18. Nd6+ Bxd6 19. exd6 Qxd6 20. Qf2 1-0

[Event "Titled Tuesday intern op 14th Feb Late"]
[Site "Chess.com INT"]
[Date "2023.02.14"]
[Round "3"]
[White "Buchenau, Frank"]
[Black "Sanchez, Sebastian Felipe"]
[Result "0-1"]
[WhiteElo "2222"]
[BlackElo "2427"]
[PlyCount "54"]
[EventDate "2023.02.14"]
[EventType "swiss (blitz)"]
[EventRounds "11"]
[EventCountry "USA"]
[SourceTitle "CBM 212 Extra"]
[Source "ChessBase"]
[SourceDate "2023.03.31"]
[SourceVersion "1"]
[SourceVersionDate "2023.03.31"]
[SourceQuality "1"]

1. e4 e6 2. Nf3 d5 3. Nc3 Nf6 4. e5 Nfd7 5. d4 c5 6. dxc5 Nc6 7. Bf4 h6 8. Bd3 Nxc5 9. Bg3 Be7 10. 0-0 Bd7 11. Ne2 Rc8 12. Ned4 Qb6 13. Nb3 Nb4 14. Bh4 Nbxd3 15. Bxe7 Nxb3 16. axb3 Kxe7 17. Qxd3 Bb5 18. c4 dxc4 19. bxc4 Bxc4 20. Qa3+ Qc5 21. b4 Qb6 22. Rfd1 Be2 23. Rd6 Qb5 24. Qe3 Bxf3 25. gxf3 Rc4 26. Rad1 Rhc8 27. Qf4 Rxf4 0-1

[Event "Titled Tuesday intern op 07th Feb Early"]
[Site "Chess.com INT"]
[Date "2023.02.07"]
[Round "4"]
[White "Avalos Parra, Joao"]
[Black "Sanchez, Sebastian Felipe"]
[Result "1-0"]
[WhiteElo "2185"]
[BlackElo "2427"]
[PlyCount "65"]
[EventDate "2023.02.07"]
[EventType "swiss (blitz)"]
[EventRounds "11"]
[EventCountry "USA"]
[SourceTitle "EXT 2024"]
[Source "ChessBase"]
[SourceDate "2023.10.10"]
[SourceVersion "1"]
[SourceVersionDate "2023.10.10"]
[SourceQuality "1"]

1. d4 Nf6 2. c4 e6 3. Nf3 d5 4. Nc3 Bb4 5. cxd5 exd5 6. Bg5 h6 7. Bh4 c5 8. e3 Nc6 9. Be2 g5 10. Bg3 Ne4 11. 0-0 Bxc3 12. bxc3 Nxc3 13. Qc2 Nxe2+ 14. Qxe2 cxd4 15. exd4+ Be6 16. Rab1 Qd7 17. Rfc1 0-0 18. h4 f6 19. Rxb7 Qxb7 20. Qxe6+ Rf7 21. Rxc6 Raf8 22. hxg5 hxg5 23. Rc1 Kg7 24. Bd6 Rd8 25. Bc5 Qb2 26. Qe3 Rg8 27. a3 Kh7 28. Re1 Qb7 29. Qd3+ Rg6 30. Re6 Kg7 31. Ne5 Rh6 32. Nxf7 Kxf7 33. Re7+ 1-0

[Event "Titled Tuesday intern op 07th Feb Early"]
[Site "Chess.com INT"]
[Date "2023.02.07"]
[Round "3"]
[White "Sanchez, Sebastian Felipe"]
[Black "Ilinca Ilinca, Felix Antonio"]
[Result "0-1"]
[WhiteElo "2427"]
[BlackElo "2227"]
[PlyCount "92"]
[EventDate "2023.02.07"]
[EventType "swiss (blitz)"]
[EventRounds "11"]
[EventCountry "USA"]
[SourceTitle "EXT 2024"]
[Source "ChessBase"]
[SourceDate "2023.10.10"]
[SourceVersion "1"]
[SourceVersionDate "2023.10.10"]
[SourceQuality "1"]

1. d4 d5 2. c4 e6 3. Nf3 Nf6 4. g3 dxc4 5. Bg2 a6 6. 0-0 Nc6 7. e3 Rb8 8. Nfd2 Na5 9. Qa4+ c6 10. Nxc4 Nxc4 11. Qxc4 Be7 12. Nc3 0-0 13. Qe2 c5 14. dxc5 Bxc5 15. Rd1 Qe7 16. Na4 Ba7 17. Bd2 b5 18. Nc3 Bb7 19. Rac1 Rfd8 20. Be1 Bxg2 21. Kxg2 Qb7+ 22. Qf3 Qxf3+ 23. Kxf3 Kf8 24. Ne4 Nd5 25. Nc5 Bxc5 26. Rxc5 Rbc8 27. Rdc1 Rxc5 28. Rxc5 Ke7 29. e4 Nf6 30. Rc7+ Rd7 31. Bb4+ Ke8 32. Rc6 Rd4 33. a3 Rxe4 34. Rxa6 Rc4 35. Rb6 Rc2 36. b3 Rb2 37. Rxb5 Rxb3+ 38. Kg2 Nd5 39. Rb8+ Kd7 40. Rb7+ Nc7 41. Rb6 f5 42. Rb7 Kc6 43. Rb8 Nd5 44. Rc8+ Kd7 45. Rb8 Kc7 46. Re8 Nxb4 0-1

[Event "COL-chT Rapid"]
[Site "Santa Marta"]
[Date "2022.11.03"]
[Round "3.1"]
[White "Sanchez, Sebastian Felipe"]
[Black "Rios, Cristhian Camilo"]
[Result "1/2-1/2"]
[WhiteElo "2386"]
[BlackElo "2479"]
[PlyCount "94"]
[EventDate "2022.11.02"]
[EventType "team-swiss"]
[EventRounds "7"]
[EventCountry "COL"]
[SourceTitle "CBM 211 Extra"]
[Source "ChessBase"]
[SourceDate "2023.01.31"]
[SourceVersion "1"]
[SourceVersionDate "2023.01.31"]
[SourceQuality "1"]
[WhiteTeam "Bolivar"]
[BlackTeam "Risaralda"]
[WhiteTeamCountry "COL"]
[BlackTeamCountry "COL"]

1. d4 d5 2. Nf3 Nf6 3. c4 e6 4. g3 Bb4+ 5. Nbd2 dxc4 6. Bg2 b5 7. a4 c6 8. 0-0 0-0 9. Qc2 Bb7 10. Rd1 Be7 11. b3 cxb3 12. Nxb3 Nbd7 13. Ne1 Nd5 14. Nd3 a5 15. Bd2 b4 16. e4 N5b6 17. Bf4 Ba6 18. Nb2 Qc8 19. Nxa5 c5 20. d5 exd5 21. exd5 Bf6 22. Nc6 c4 23. Nxb4 c3 24. N2d3 Nc4 25. Nxa6 Rxa6 26. Nb4 Rb6 27. Nc6 Rb2 28. Qd3 Qa6 29. Bf1 Qb6 30. Nd4 Bxd4 31. Qxd4 Qxd4 32. Rxd4 Na5 33. Rd3 c2 34. Rc1 Nb3 35. Rxb3 Rxb3 36. Rxc2 Rb1 37. Kg2 Rd1 38. d6 h6 39. Bb5 g5 40. Bd2 Ne5 41. f4 gxf4 42. Bxf4 Nd3 43. Bxd3 Rxd3 44. Bxh6 Ra8 45. Bf4 Rxa4 46. h4 Kg7 47. Rc5 Rxf4 1/2-1/2

[Event "COL-chT Blitz"]
[Site "Santander"]
[Date "2022.09.10"]
[Round "6.1"]
[White "Sanchez, Sebastian Felipe"]
[Black "Mora Munoz, Alejandro"]
[Result "1-0"]
[WhiteElo "2381"]
[BlackElo "1968"]
[PlyCount "125"]
[EventDate "2022.09.10"]
[EventType "team-swiss (blitz)"]
[EventRounds "9"]
[EventCountry "COL"]
[SourceTitle "EXT 2023"]
[Source "ChessBase"]
[SourceDate "2022.10.05"]
[SourceVersion "1"]
[SourceVersionDate "2022.10.05"]
[SourceQuality "1"]
[WhiteTeam "Bolivar"]
[BlackTeam "Valle II"]
[WhiteTeamCountry "COL"]
[BlackTeamCountry "COL"]

1. d4 Nf6 2. c4 g6 3. Nc3 Bg7 4. e4 d6 5. h3 0-0 6. Be3 e5 7. d5 Nh5 8. g3 a5 9. Be2 Nf6 10. g4 Na6 11. Nf3 b6 12. Nd2 Nc5 13. h4 Ne8 14. h5 Bf6 15. Nf1 Bg5 16. Qd2 Bxe3 17. Qxe3 g5 18. h6 f6 19. Ng3 Bd7 20. b3 Qc8 21. Nf5 Kf7 22. Rb1 Qb7 23. Qf3 Kg6 24. Qh3 Kf7 25. Qh5+ Kg8 26. Ne7+ Kh8 27. Kd2 c6 28. f3 b5 29. dxc6 Bxc6 30. Nxc6 Qxc6 31. cxb5 Qb7 32. Bc4 Nc7 33. Rbd1 N5e6 34. Kc1 Nd4 35. Rd3 Rac8 36. Kb2 Qb6 37. a4 Nce6 38. Nd5 Qb7 39. Rhd1 Nc5 40. Rxd4 exd4 41. Rxd4 Ne6 42. Rd2 Nc7 43. Ne7 Rce8 44. Nf5 Ne6 45. Nxd6 Qd7 46. Qh2 Rd8 47. Rd3 Nf4 48. Rd1 Qe7 49. Nf5 Qb4 50. Qc2 Qc5 51. Ka2 Qe5 52. Ne3 Ne6 53. Nd5 Nf4 54. Qb2 Nxd5 55. Bxd5 Qxb2+ 56. Kxb2 Rc8 57. b6 Rb8 58. b7 Rfd8 59. Rc1 Re8 60. Rc5 Red8 61. Rxa5 Rd6 62. Ra8 Rdd8 63. a5 1-0

[Event "COL-chT"]
[Site "Bucaramanga"]
[Date "2022.09.09"]
[Round "7.1"]
[White "Sanchez, Sebastian Felipe"]
[Black "Carvajal Barreto, Johan Sebastian"]
[Result "1-0"]
[WhiteElo "2442"]
[BlackElo "1735"]
[PlyCount "81"]
[EventDate "2022.09.06"]
[EventType "team-swiss"]
[EventRounds "7"]
[EventCountry "COL"]
[SourceTitle "CBM 210 Extra"]
[Source "ChessBase"]
[SourceDate "2022.11.30"]
[SourceVersion "1"]
[SourceVersionDate "2022.11.30"]
[SourceQuality "1"]
[WhiteTeam "Bolivar"]
[BlackTeam "Santander Almo"]
[WhiteTeamCountry "COL"]
[BlackTeamCountry "COL"]

1. d4 Nf6 2. c4 e6 3. Nc3 d5 4. Bg5 Bb4 5. e3 a6 6. Qa4+ Nc6 7. cxd5 exd5 8. Bd3 0-0 9. Nge2 h6 10. Bh4 Be6 11. 0-0 Be7 12. Rac1 b5 13. Qd1 Na5 14. b3 Rc8 15. Qd2 Nb7 16. Rfd1 g5 17. Bg3 Nh5 18. Nb1 c6 19. Rc2 Qd7 20. Rdc1 Nxg3 21. hxg3 f5 22. a4 Qd6 23. Qd1 Kg7 24. Nd2 Bd7 25. Nf3 Bf6 26. Qd2 Rfe8 27. Ra2 c5 28. axb5 axb5 29. Ra7 Qb6 30. Rxb7 Qxb7 31. dxc5 b4 32. Nfd4 Re5 33. Qc2 Qa7 34. c6 Be8 35. Bxf5 Rxc6 36. Nxc6 Bxc6 37. Qxc6 Rxf5 38. Qc8 Kg6 39. g4 Re5 40. Rc7 Qa1+ 41. Kh2 1-0

[Event "Barcelona Sants op-A 23rd"]
[Site "Barcelona"]
[Date "2022.08.26"]
[Round "8"]
[White "Sanchez, Sebastian Felipe"]
[Black "Bernado Lopez, Roger"]
[Result "1/2-1/2"]
[WhiteElo "2430"]
[BlackElo "2249"]
[PlyCount "51"]
[EventDate "2022.08.19"]
[EventType "swiss"]
[EventRounds "10"]
[EventCountry "ESP"]
[SourceTitle "CBM 209 Extra"]
[Source "ChessBase"]
[SourceDate "2022.09.30"]
[SourceVersion "1"]
[SourceVersionDate "2022.09.30"]
[SourceQuality "1"]

1. Nf3 d5 2. e3 Nf6 3. c4 e6 4. b3 Nbd7 5. Bb2 b6 6. Qc2 Bd6 7. cxd5 exd5 8. Nd4 0-0 9. Nf5 Bc5 10. Nc3 Re8 11. Nb5 a6 12. b4 axb5 13. bxc5 Nxc5 14. Bxb5 Ba6 15. Bxa6 Rxa6 16. 0-0 Na4 17. Rab1 Nxb2 18. Rxb2 Qd7 19. f3 g6 20. Nd4 c5 21. Nb5 Qc6 22. Rfb1 Nd7 23. Nd4 Qf6 24. Nb5 Qc6 25. Nd4 Qf6 26. Nb5 1/2-1/2

[Event "Olympiad-44"]
[Site "Chennai"]
[Date "2022.08.08"]
[Round "10.3"]
[White "Sanchez, Sebastian Felipe"]
[Black "Thybo, Jesper Sondergaard"]
[Result "1/2-1/2"]
[WhiteElo "2440"]
[BlackElo "2520"]
[PlyCount "123"]
[EventDate "2022.07.29"]
[EventType "team-swiss"]
[EventRounds "11"]
[EventCountry "IND"]
[SourceTitle "CBM 210"]
[Source "ChessBase"]
[SourceDate "2022.10.31"]
[SourceVersion "1"]
[SourceVersionDate "2022.10.31"]
[SourceQuality "1"]
[WhiteTeam "Colombia"]
[BlackTeam "Denmark"]
[WhiteTeamCountry "COL"]
[BlackTeamCountry "DEN"]

1. d4 Nf6 2. c4 e6 3. Nc3 Bb4 4. Qc2 d5 5. cxd5 exd5 6. Bg5 h6 7. Bh4 0-0 8. e3 Re8 9. Nf3 c5 10. dxc5 Nbd7 11. Bb5 Qa5 12. Nd4 Ne4 13. 0-0 Bxc3 14. bxc3 a6 15. Ba4 Qxc5 16. Bb3 Ne5 17. f3 Nd6 18. Bf2 Bd7 19. Rad1 Nec4 20. Rfe1 b5 21. Ne2 Nxe3 22. Qd2 Rac8 23. Ng3 Ndc4 24. Bxc4 Nxc4 25. Bxc5 Nxd2 26. Rxe8+ Bxe8 27. Bd4 Nc4 28. Nf5 Kh7 29. Nxg7 f6 30. Bxf6 Bf7 31. Nf5 Re8 32. Ne7 Nb6 33. Kf2 a5 34. Rd4 Nd7 35. Bh4 Nb6 36. Rg4 Be6 37. Rd4 Kg7 38. f4 Kf7 39. f5 Bc8 40. Nxd5 Nxd5 41. Rxd5 Re4 42. g3 Rc4 43. Rxb5 a4 44. Ra5 Rxc3 45. Ra7+ Kg8 46. g4 h5 47. f6 Rc2+ 48. Kg1 Rc1+ 49. Kf2 Rc2+ 50. Ke3 Bxg4 51. f7+ Kf8 52. Bg5 Rc6 53. Ke4 Re6+ 54. Kd5 Rg6 55. h4 Be6+ 56. Ke5 Bxa2 57. Be7+ Kxf7 58. Bf6+ Kg8 59. Ra8+ Kf7 60. Rxa4 Rxf6 61. Rxa2 Rf3 62. Ke4 1/2-1/2

[Event "Olympiad-44"]
[Site "Chennai"]
[Date "2022.07.31"]
[Round "3.3"]
[White "Sanchez, Sebastian Felipe"]
[Black "Hamed, Mohamed1111"]
[Result "1-0"]
[WhiteElo "2440"]
[BlackElo "2116"]
[PlyCount "75"]
[EventDate "2022.07.29"]
[EventType "team-swiss"]
[EventRounds "11"]
[EventCountry "IND"]
[SourceTitle "CBM 210"]
[Source "ChessBase"]
[SourceDate "2022.10.31"]
[SourceVersion "1"]
[SourceVersionDate "2022.10.31"]
[SourceQuality "1"]
[WhiteTeam "Colombia"]
[BlackTeam "Sudan"]
[WhiteTeamCountry "COL"]
[BlackTeamCountry "SUD"]

1. d4 e6 2. c4 b6 3. e4 Bb4+ 4. Bd2 Bxd2+ 5. Qxd2 Ne7 6. Nc3 d5 7. f3 Ba6 8. b3 0-0 9. Rd1 Nd7 10. Nh3 Re8 11. cxd5 Bxf1 12. dxe6 fxe6 13. Rxf1 Ng6 14. Kf2 c5 15. d5 e5 16. g3 Nf6 17. Kg2 h6 18. Nf2 Qd6 19. Rc1 Rf8 20. Nb5 Qd7 21. a4 Nh5 22. Na3 Rf7 23. Nc4 Raf8 24. Ng4 Re8 25. Qc3 Qe7 26. Rcd1 Qg5 27. Nd6 Ref8 28. Nxf7 Rxf7 29. d6 Rd7 30. b4 cxb4 31. Qc8+ Rd8 32. Qc4+ Kh8 33. Qxb4 Nhf4+ 34. gxf4 Nxf4+ 35. Kh1 h5 36. Ne3 Nh3 37. Qd2 Kh7 38. Qg2 1-0

[Event "Olympiad-44"]
[Site "Chennai"]
[Date "2022.07.30"]
[Round "2.3"]
[White "Moranda, Wojciech"]
[Black "Sanchez, Sebastian Felipe"]
[Result "1/2-1/2"]
[WhiteElo "2636"]
[BlackElo "2440"]
[PlyCount "61"]
[EventDate "2022.07.29"]
[EventType "team-swiss"]
[EventRounds "11"]
[EventCountry "IND"]
[SourceTitle "CBM 210"]
[Source "ChessBase"]
[SourceDate "2022.10.31"]
[SourceVersion "1"]
[SourceVersionDate "2022.10.31"]
[SourceQuality "1"]
[WhiteTeam "Poland"]
[BlackTeam "Colombia"]
[WhiteTeamCountry "POL"]
[BlackTeamCountry "COL"]

1. e4 e6 2. d4 d5 3. Nd2 c5 4. Ngf3 cxd4 5. Nxd4 Nc6 6. Bb5 Bd7 7. Nxc6 bxc6 8. Bd3 Bd6 9. Qe2 e5 10. c4 Ne7 11. cxd5 cxd5 12. exd5 Nxd5 13. Be4 Nf4 14. Qa6 Bc7 15. Nc4 Rb8 16. Bxf4 exf4 17. 0-0 0-0 18. Rad1 f3 19. Bxf3 Bb5 20. Rxd8 Bxa6 21. Rxb8 Rxb8 22. Rc1 Bxc4 23. Rxc4 Rxb2 24. g3 Bd8 25. Re4 Kf8 26. Re2 Rxe2 27. Bxe2 Bb6 28. Bc4 Ke7 29. Kf1 h5 30. h4 g6 31. Ke2 1/2-1/2